000 01026nam a2200277Ia 4500
003 OSt
005 20220923230948.0
006 a|||||r|||| 00| 0
007 ta
008 220922b |||||||| |||| 00| 0 hin d
020 _c130
024 _a324,814
037 _b1292, 13/03/2018, Akshar Publishers & Distributors
_cTextual
040 _aARTS
_cARTS
_bhin
041 _2hin
_ahin
082 _aO152:g, N8
100 _aपटनायक, अजय कुमार, ले.
245 0 _aसृष्टि, शोध और समीक्षा
246 _aSṛuṣhṭi, shodh aur samīkṣhā
260 _aकटक
_b शबनम पुस्तक महल
_c1998
300 _a158पृ.
_ccm.
650 _a हिन्दी आलोचना
650 _aहिन्दी साहित्य
_9156264
942 _hO152:g, N8
_cTEXL
_2CC
999 _c388472
_d388472